000 00412nam a2200133Ia 4500
005 20251222144742.0
008 251222s9999||||xx |||||||||||||| ||spa||
020 _a978-9972-825-65-1
082 _a004.6/F41
100 _aFernández Del Carpio, Gonzalo
245 0 _aNuevas técnicas para el tráfico multicast en redes dorsales de telecomunicaciones
264 _bUniversidad Católica San Pablo
942 _cLIB
999 _c18987
_d18987